000 00331pab a2200133 454500
008 180718b1983 xxu||||| |||| 00| 0 eng d
245 _aSymposium
_bRemolding the urban future
260 _c1983
300 _a445-592
362 _aJune
650 _aUrban Conditions - U.S.A.
773 _aUrban Affairs Quarterly
909 _a20130
999 _c20130
_d20130